000 01380nam a22002297a 4500
999 _c56951
_d56951
003 Ge_BSU
005 20221221152352.0
008 190717s2019 ge ||||| |||| 00| 0 geo d
041 _ageo
080 _a336.02 ფ-97
100 _aფუტკარაძე, ბექა.
_93243
245 _aფინანსური გლობალიზაცია და მისი გავლენა ეროვნულ ეკონომიკაზე /
_cბექა ფუტკარაძე ; სამეცნ. ხელმძღვ : ა. ცინცაძე.
264 _aბათუმი :
_bბსუ,
_c2019.
300 _a150 გვ.:
_bცხრ ;
_c30 სმ.
653 _aეკონომიკა
653 _aფინანსები
653 _aდისერტაცია
700 _aცინჩაძე, ა
_eსამეცნიერო ხელმძღვანელი
_93244
710 _eბათუმის შოთა რუსთაველის სახელმწიფო უნივერსიტეტი
_93245
710 _eეკონომიკისა და ბიზნესის ფაკულტეტი საფინანსო საბანკო და სადაზღვევო საქმის დეპარტამენტი
_93246
942 _2udc
_cDS